| 000 | 00644nam a2200229Ia 4500 | ||
|---|---|---|---|
| 003 | OSt | ||
| 005 | 20220926042327.0 | ||
| 006 | a|||||r|||| 00| 0 | ||
| 007 | ta | ||
| 008 | 220923b |||||||| |||| 00| 0 eng d | ||
| 037 | _cGeneral Book | ||
| 040 |
_aRTL _cRTL _beng |
||
| 041 |
_2eng _aeng |
||
| 082 | _aX9(J3).2,dj, K0 | ||
| 110 |
_aGRAIN AND OILSEEDS MERCHANT,S ASSOCIATION _9346101 |
||
| 245 | 0 | _aDiamond jobilee commemoration volume | |
| 260 | _c1960 | ||
| 650 | _aFood Industry | ||
| 700 |
_aGRAIN AND OILSEEDS MERCHANT,S ASSOCIATION _9346102 |
||
| 942 |
_hX9(J3).2,dj, K0 _cGB _2CC |
||
| 999 |
_c669444 _d669444 |
||